| 000 | 00566nam a2200181Ia 4500 | ||
|---|---|---|---|
| 005 | 20250508162209.0 | ||
| 008 | 008 250505s9999 xx 000 0 eng d | ||
| 037 | _aTextual | ||
| 040 |
_aFEDL _beng _cFEDL |
||
| 041 |
_aeng _2eng |
||
| 084 |
_a373.42, BAR _qFEDL |
||
| 100 |
_aBaron Steve (et al...) _9772551 |
||
| 245 | 0 | _aUnpopular education schoolind and social democracy in England since 1944 | |
| 260 |
_aLondon, UK _bHutchinson and Co (Publishers) Ltd _c1981 |
||
| 300 | _a307p. | ||
| 942 |
_cTEXL _h373.42, BAR |
||
| 999 |
_c1374958 _d1374958 |
||